<?xml version="1.0" encoding="UTF-8"?>
<record
    xmlns:xsi="http://www.w3.org/2001/XMLSchema-instance"
    xsi:schemaLocation="http://www.loc.gov/MARC21/slim http://www.loc.gov/standards/marcxml/schema/MARC21slim.xsd"
    xmlns="http://www.loc.gov/MARC21/slim">

  <leader>02059cam a22004095i 4500</leader>
  <datafield tag="999" ind1=" " ind2=" ">
    <subfield code="c">27102</subfield>
    <subfield code="d">27074</subfield>
  </datafield>
  <controlfield tag="001">019082053</controlfield>
  <controlfield tag="003">Uk</controlfield>
  <controlfield tag="005">20190210140226.0</controlfield>
  <controlfield tag="006">m    ||  d |      </controlfield>
  <controlfield tag="007">cr |||||||||||</controlfield>
  <controlfield tag="008">160107r20022006ii a   frbf   001 0 eng d</controlfield>
  <datafield tag="015" ind1=" " ind2=" ">
    <subfield code="a">GBB8J1397</subfield>
    <subfield code="2">bnb</subfield>
  </datafield>
  <datafield tag="020" ind1=" " ind2=" ">
    <subfield code="a">9788181284587</subfield>
  </datafield>
  <datafield tag="020" ind1=" " ind2=" ">
    <subfield code="a">8181284585</subfield>
  </datafield>
  <datafield tag="040" ind1=" " ind2=" ">
    <subfield code="a">GW5XE</subfield>
    <subfield code="b">eng</subfield>
    <subfield code="d">EG-ScBUE </subfield>
    <subfield code="c">GW5XE</subfield>
    <subfield code="d">NUI</subfield>
    <subfield code="d">YDXCP</subfield>
    <subfield code="d">COO</subfield>
    <subfield code="d">N$T</subfield>
    <subfield code="d">IDEBK</subfield>
    <subfield code="d">OCLCF</subfield>
    <subfield code="d">EBLCP</subfield>
    <subfield code="d">OCL</subfield>
    <subfield code="d">INNDH</subfield>
    <subfield code="d">D6H</subfield>
    <subfield code="d">SCB</subfield>
    <subfield code="d">JG0</subfield>
    <subfield code="d">UAB</subfield>
    <subfield code="d">IAD</subfield>
    <subfield code="d">JBG</subfield>
    <subfield code="d">ICW</subfield>
    <subfield code="d">VT2</subfield>
    <subfield code="d">ILO</subfield>
    <subfield code="d">ICN</subfield>
    <subfield code="d">OCLCQ</subfield>
    <subfield code="d">ESU</subfield>
    <subfield code="d">IOG</subfield>
    <subfield code="d">U3W</subfield>
    <subfield code="d">REB</subfield>
    <subfield code="d">OCLCQ</subfield>
    <subfield code="d">AAA</subfield>
    <subfield code="d">Uk</subfield>
    <subfield code="e">rda</subfield>
    <subfield code="e">pn</subfield>
  </datafield>
  <datafield tag="072" ind1=" " ind2="7">
    <subfield code="a">TEC</subfield>
    <subfield code="x">012000</subfield>
    <subfield code="2">bisacsh</subfield>
  </datafield>
  <datafield tag="072" ind1=" " ind2="7">
    <subfield code="a">TDCT</subfield>
    <subfield code="2">bicssc</subfield>
  </datafield>
  <datafield tag="082" ind1="0" ind2="4">
    <subfield code="a">664.00284</subfield>
    <subfield code="2">22</subfield>
    <subfield code="b">SAR</subfield>
  </datafield>
  <datafield tag="100" ind1="1" ind2=" ">
    <subfield code="a">Saravacos, George D.,</subfield>
    <subfield code="d">1928-</subfield>
    <subfield code="e">author.</subfield>
  </datafield>
  <datafield tag="245" ind1="1" ind2="0">
    <subfield code="a">Handbook of food processing equipment /</subfield>
    <subfield code="c">George D. Saravacos, Athanasios E. Kostaropoulos.</subfield>
  </datafield>
  <datafield tag="264" ind1=" " ind2="1">
    <subfield code="a">New Delhi :</subfield>
    <subfield code="b">Springer India Private Limited / Springer Science+Business Media,</subfield>
    <subfield code="c">c.2006.</subfield>
  </datafield>
  <datafield tag="300" ind1=" " ind2=" ">
    <subfield code="a">xxiv, 698 pages :</subfield>
    <subfield code="b">illustrations ;</subfield>
    <subfield code="c">24 cm.</subfield>
  </datafield>
  <datafield tag="336" ind1=" " ind2=" ">
    <subfield code="a">text</subfield>
    <subfield code="2">rdacontent</subfield>
  </datafield>
  <datafield tag="337" ind1=" " ind2=" ">
    <subfield code="a">unmediated</subfield>
    <subfield code="2">rdamedia</subfield>
  </datafield>
  <datafield tag="338" ind1=" " ind2=" ">
    <subfield code="a">volume</subfield>
    <subfield code="2">rdacarrier</subfield>
  </datafield>
  <datafield tag="490" ind1="1" ind2=" ">
    <subfield code="a">Food engineering series</subfield>
  </datafield>
  <datafield tag="500" ind1=" " ind2=" ">
    <subfield code="a">Reprint of the 2002 ed.</subfield>
  </datafield>
  <datafield tag="504" ind1=" " ind2=" ">
    <subfield code="a">Includes bibliographical references and index.</subfield>
  </datafield>
  <datafield tag="505" ind1="0" ind2=" ">
    <subfield code="a">1. Design of Food Processes and Food Processing Plants -- 2. Design and Selection of Food Processing Equipment -- 3. Mechanical Transport and Storage Equipment -- 4. Mechanical Processing Equipment -- 5. Mechanical Separations Equipment -- 6. Heat Transfer Equipment -- 7. Food Evaporation Equipment -- 8. Food Dehydration Equipment -- 9. Refrigeration and Freezing Equipment -- 10. Thermal Processing Equipment -- 11. Mass Transfer Equipment -- 12. Equipment for Novel Food Processes -- 13. Food Packaging Equipment -- Index.</subfield>
  </datafield>
  <datafield tag="650" ind1=" " ind2="7">
    <subfield code="a">Chemistry.</subfield>
    <subfield code="2">BUEsh</subfield>
  </datafield>
  <datafield tag="650" ind1=" " ind2="7">
    <subfield code="a">Food industry and trade</subfield>
    <subfield code="x">Equipment and supplies.</subfield>
    <subfield code="2">BUEsh</subfield>
    <subfield code="9">41969</subfield>
  </datafield>
  <datafield tag="650" ind1=" " ind2="7">
    <subfield code="a">Food</subfield>
    <subfield code="x">Biotechnology.</subfield>
    <subfield code="2">BUEsh</subfield>
    <subfield code="9">41968</subfield>
  </datafield>
  <datafield tag="653" ind1=" " ind2=" ">
    <subfield code="b">ENGMEC</subfield>
    <subfield code="c">February2019</subfield>
  </datafield>
  <datafield tag="700" ind1="1" ind2=" ">
    <subfield code="a">Kostaropoulos, A. E.</subfield>
  </datafield>
  <datafield tag="942" ind1=" " ind2=" ">
    <subfield code="2">ddc</subfield>
    <subfield code="c">BB</subfield>
  </datafield>
  <datafield tag="952" ind1=" " ind2=" ">
    <subfield code="0">0</subfield>
    <subfield code="1">0</subfield>
    <subfield code="2">ddc</subfield>
    <subfield code="4">0</subfield>
    <subfield code="7">0</subfield>
    <subfield code="a">MAIN</subfield>
    <subfield code="b">MAIN</subfield>
    <subfield code="c">1ST</subfield>
    <subfield code="d">2019-02-10</subfield>
    <subfield code="e">Purchase</subfield>
    <subfield code="g">2250.00</subfield>
    <subfield code="l">0</subfield>
    <subfield code="o">664.00284 SAR</subfield>
    <subfield code="p">000034291</subfield>
    <subfield code="r">2025-07-15 00:00:00</subfield>
    <subfield code="w">2019-02-10</subfield>
    <subfield code="y">BB</subfield>
  </datafield>
</record>
